Представление документа в формате RUSMARC

ПолеНазваниеЗначение
  Тип записи i
  Библиографический уровень m
001 Контрольный номер RU/IS/BASE/479921755
005 Дата корректировки 20230519094737.6
010 Индекс ISBN __
a ISBN (в кор.)
d Цена 147-99
100 Данные общей обработки __
a Данные общей обработки 19150317d2010||||||| 0rusy0189 ca
101 Язык документа 0_
a Язык текста rus
102 Страна публикации __
a Страна публикации ru
105 Кодированные данные (монография) __
a Кодированные данные (монография) nn|||||||||zy
127 Кодированные данные (звукозаписи-физические характеристики) __
a Продолжительность проигрывания 08 ч 00 мин
200 Заглавие и сведения об ответственности 1_
a Заглавие Бесприданница ; Гроза ; Без вины виноватые
e Сведения, относящиеся к заглавию [аудиокнига : 16+]
f Первые сведения об ответственности А. Н. Островский ; читает Владимир Самойлов ; [звукорежиссеры: Михаил Ашарин, Алеся Кузьмина ; корректор Светлана Рожкова ; выпускающий редактор Анастасия Коляскина]
b Общее обозначение материала Звукозапись
210 Выходные данные 1_
a Место издания Москва
c Издательство АРДИС
d Дата издания 2010
215 Физическое описание __
a Объем 1 электрон. опт. диск (Audio CD)
c Иллюстрации/тип воспроизводства mp3, mono
d Формат 12х14 см
225 Серия 2_
a Серия Литературные чтения
230 Специфическая характеристика материала: электронные ресурсы __
a Обозначение и объем ресурса Электронные звуковые данные
323 Примечание о главных создателях, исполнителях, участниках __
a Примечание о главных создателях, исполнителях, участниках Самойлов, В. (читает)
327 Примечание о содержании 0_
a Примечание о содержании Гроза
327 Примечание о содержании 0_
a Примечание о содержании Без вины виноватые
330 Аннотация __
a Аннотация В творчестве Островского запечатлен колорит русской жизни в многообразии судеб, бытовых и психологических оттенков, представлена целая галерея типов - от охваченных страстью к "деланию денег" своевластных, жестоких купцов, чиновников, помещиков до многочисленных слуг, приживалок, богомольных странников. Только появившись на свет, пьесы Островского были обречены стать русской классикой: настолько ярки и одновременно обобщены характеры его героев. "Бесприданница" - история об обманутой любви, несбывшихся надеждах, справедливо названная "жестоким романсом". "Гроза" - история отчаявшейся души, история любви сильной женщины в мире несостоятельных мужчин. "Без вины виноватые" - история о личной драме провинциальной актрисы. Все произведения рекомендованы программой средней школы.
333 Примечание о целевом назначении __
a Примечание о целевом назначении 16+. Для детей старше 16 лет
337 Примечание о системных требованиях (электронные ресурсы) __
a Примечание о системных требованиях (электронные ресурсы) Системные требования: Pentium 100 ; RAM 16 Мб ; MS Windows ; монитор SVGA, 800х600 ; звуковая карта, колонки или наушники ; CD-ROM, музыкальный центр, CD/DVD-плеер и т.д.
517 Другие варианты заглавия 1_
a Другие варианты заглавия Гроза
517 Другие варианты заглавия 1_
a Другие варианты заглавия Без вины виноватые
606 Тематические рубрики __
a Основная рубрика Художественная литература
606 Тематические рубрики __
a Основная рубрика Русская литература XIX в. (произведения)
610 Ключевые слова 0_
a Ключевые слова драматические произведения
a Ключевые слова драматургия
a Ключевые слова драмы
a Ключевые слова классическая литература
a Ключевые слова пьесы
a Ключевые слова русская драматургия
a Ключевые слова русская классическая литература
a Ключевые слова тема быта
a Ключевые слова тема взаимоотношений
a Ключевые слова тема любви
a Ключевые слова тема нравов
a Ключевые слова тема обмана
a Ключевые слова тема общества
a Ключевые слова тема русской жизни
a Ключевые слова тема семьи
a Ключевые слова тема судьбы
686 Индексы других классификаций __
2 Код системы rubbks
a Классификационный индекс 84(2=411.2)52-6я04; ст84(2Рос=Рос)1-6я0
700 Автор _1
a Фамилия Островский
b Имя А. Н.
f Даты 1823-1886
g Полное личное имя Александр Николаевич
4 Код отношения 070
702 Вторичная интеллектуальная ответственность _1
a Фамилия Ашарин
b Имя М.
4 Код отношения Звукорежиссер
4 Код отношения 570
702 Вторичная интеллектуальная ответственность _1
a Фамилия Кузьмина
b Имя А.
4 Код отношения Звукорежиссер
4 Код отношения 570
702 Вторичная интеллектуальная ответственность _1
a Фамилия Рожкова
b Имя С.
4 Код отношения Корректор
4 Код отношения 570
801 Источник записи _0
a Страна ru
b Организация Муниципальное бюджетное учреждение культуры "Централизованная библиотечная система" г. Сургут (Центральная городская библиотека им. А. С. Пушкина)
c Дата составления 20150317
g Правила каталогизации КиК/Лукашук
801 Источник записи _1
a Страна ru
b Организация Муниципальное бюджетное учреждение культуры "Централизованная библиотечная система" г. Сургут (Центральная городская библиотека им. А. С. Пушкина)
c Дата составления 20150317
g Правила каталогизации КиК/Лукашук
852 Данные о местонахождении __
j Шифр хранения 84(2=411.2)52-6я04
i Авторский знак О-77
901 Тип документа __
t Тип документа 0
903 Характеристики (МАРС) __
a Дата передачи 20150317
969 Тип издания __
a Тип издания аудиокнига; издание для слепых; сборник
990 Данные о заказе (DOS) __
j Количество экземпляров (DOS) 5
t N записи в КСУ для И/У (DOS) 201503